|
|
|
|
| LEADER |
00847nam a22002291 4500 |
| 001 |
c000322749 |
| 003 |
CARM |
| 005 |
00000000000000.0 |
| 008 |
740212s1940 nyu 00011 eng |
| 010 |
|
|
|a 40027179 //r952
|
| 019 |
1 |
|
|a 12600427
|z 632385
|5 LACONCORD2021
|
| 035 |
|
|
|a (OCoLC)287909
|5 LACONCORD2021
|
| 050 |
0 |
0 |
|a PZ3.R417
|b Tr
|
| 100 |
1 |
|
|a Richter, Conrad,
|d 1890-1968.
|
| 245 |
1 |
4 |
|a The trees,
|c by Conrad Richter.
|
| 260 |
|
|
|a New York,
|b A. A. Knopf,
|c 1940.
|
| 300 |
|
|
|a 6 p., 1., 3-302, [2] p.
|c 21 cm.
|
| 650 |
|
0 |
|a Frontier and pioneer life
|z Ohio
|x Fiction.
|
| 655 |
|
7 |
|a Historical fiction.
|2 gsafd
|
| 852 |
8 |
|
|b CARM
|h A1:AM32C0
|i B09699
|p 0439173
|f BK
|
| 999 |
f |
f |
|i efc2bcf5-c491-57cb-845c-d8ca8017ad47
|s 375ab816-cbd1-5b08-aee5-fed11a22e82d
|
| 952 |
f |
f |
|p Can circulate
|a CAVAL
|b CAVAL
|c CAVAL
|d CARM 1 Store
|e B09699
|f A1:AM32C0
|h Other scheme
|i book
|m 0439173
|